000 00564nam a2200193 u 4500
005 20230921063700.0
008 010329s1981 cl r 000 0 spa d
020 _a9580600120
035 _aUPN01000177007
049 _aCG
050 4 _aPQ8179 G6.7
_bC6.76a
100 1 _aGarcía Márquez, Gabriel,
_d1928-2014
245 1 0 _aCrónica de una muerte anunciada /
_cGabrie García Márquez.
260 _aBogotá :
_bLa Oveja Negra,
_c1981.
300 _a122 p.
650 0 _aNovela colombiana
_95359
650 4 _aLiteratura colombiana
_912879
905 _aLibro
999 _c149110
_d149110